Ensayo sobre el nacimiento del freudo-marxismo / (Record no. 114030)

MARC details
000 -LEADER
campo de control de longitud fija 00644nam a2200193 4500
001 - NÚMERO DE CONTROL
campo de control 114030
003 - IDENTIFICADOR DE NÚMERO DE CONTROL
campo de control ES-MaACL
005 - FECHA Y HORA DE LA ÚLTIMA TRANSACCIÓN
campo de control 20230906190048.0
007 - CAMPO FIJO DE DESCRIPCIÓN FÍSICA--INFORMACIÓN GENERAL
campo de control de longitud fija t|
008 - DATOS DE LONGITUD FIJA--INFORMACIÓN GENERAL
campo de control de longitud fija 061121s1970 sp r ||||1| spa d
100 1# - ENTRADA PRINCIPAL--NOMBRE DE PERSONA
Nombre de persona Palmier, Jean-Michael.
9 (RLIN) 88652
245 10 - MENCIÓN DEL TÍTULO
Título Ensayo sobre el nacimiento del freudo-marxismo /
Mención de responsabilidad, etc. Jean-Michel Palmier, Wilhelm Reich ; traducción: Ramón García y Nuria Pérez Lara.
260 ## - PUBLICACIÓN, DISTRIBUCIÓN, ETC.
Lugar de publicación, distribución, etc. Barcelona :
Nombre del editor, distribuidor, etc. Anagrama,
Fecha de publicación, distribución, etc. 1970.
300 ## - DESCRIPCIÓN FÍSICA
Extensión 154 p. ;
Dimensiones 20 cm.
700 1# - ENTRADA AGREGADA--NOMBRE PERSONAL
Nombre de persona García, Ramón.
9 (RLIN) 54089
700 1# - ENTRADA AGREGADA--NOMBRE PERSONAL
Nombre de persona Pérez de Lara, Nuria.
9 (RLIN) 90788
700 1# - ENTRADA AGREGADA--NOMBRE PERSONAL
Nombre de persona Reich, Wilhelm.
9 (RLIN) 95949
852 ## - LOCALIZACIÓN
Ubicación ES-MaACL
Número de control de estantería C-47072
Sublocalización o colección R.75999
Holdings
Estatus retirado Estado de pérdida Estado de daño No para préstamo Biblioteca de origen Biblioteca actual Ubicación en estantería Fecha de adquisición Fuente de adquisición Total de préstamos Signatura topográfica completa Código de barras Visto por última vez Precio de reemplazo Tipo de ítem Koha
        Biblioteca del Ateneo de Madrid Biblioteca del Ateneo de Madrid Depósito 2 17/01/2008     C-47072 1118920 23/02/2023 23/02/2023 Libro impreso